[Event "Howell (US Am N/2/3)"]
[Site "?"]
[Date "1996.??.??"]
[Round "?"]
[White "Yahkind, Alex"]
[Black "Rosenberg, Steve"]
[Result "1-0"]
[WhiteElo "2055"]
[BlackElo "1785"]
[PlyCount "121"]
[EventDate "1996.??.??"]

{2/(3)} 1. e4 d5 2. exd5 Qxd5 3. Nc3 Qa5 4. d4 Nf6 5. Bc4 c6 6. Nf3 e6 7. O-O
Bd6 8. Re1 O-O 9. Ne4 Be7 10. Bd3 Qc7 11. Bg5 Nd5 12. Qd2 f5 13. Nc5 Bxc5 14.
dxc5 Nd7 15. c4 N5f6 16. Bf4 Qd8 17. Bd6 Re8 18. Ng5 Nf8 19. Re2 h6 20. Nf3 Ng6
21. Rae1 a6 22. a4 Qd7 23. b4 b5 24. a5 Qf7 25. Qc2 Bd7 26. Nd4 Rac8 27. Qb3
Nh5 28. cxb5 cxb5 29. g3 Nf6 30. Nxe6 Ne4 31. Nd4 Qxb3 32. Nxb3 Nxd6 33. cxd6
Rxe2 34. Rxe2 Rc6 35. Nc5 Rxd6 36. Nxd7 Rxd7 37. Bxf5 Rd6 38. Re6 Rxe6 39.
Bxe6+ Kf8 40. Bc8 Ne5 41. Bxa6 Nc6 42. Bxb5 Nxb4 43. a6 Nxa6 44. Bxa6 Ke7 45.
Kg2 Kf6 46. f4 h5 47. Kf3 g5 48. h4 gxf4 49. Kxf4 Kg6 50. Be2 Kh6 51. Kf5 Kh7
52. Bxh5 Kh6 53. g4 Kg7 54. g5 Kh7 55. Bd1 Kg7 56. h5 Kg8 57. h6 Kh7 58. Kf6
Kg8 59. g6 Kh8 60. g7+ Kh7 61. Bc2+ 1-0

[Event "Lansing (MI Op/2/5)"]
[Site "?"]
[Date "1996.??.??"]
[Round "?"]
[White "Yahkind, Alex"]
[Black "Rajlich, Vasik"]
[Result "0-1"]
[WhiteElo "2035"]
[BlackElo "2235"]
[PlyCount "60"]
[EventDate "1996.??.??"]

{2/(5)} 1. e4 c5 2. Nf3 d6 3. d4 cxd4 4. Nxd4 Nf6 5. Nc3 a6 6. Bc4 e6 7. Bb3
Nbd7 8. Be3 Nc5 9. f3 Be7 10. Qd2 Qc7 11. O-O-O b5 12. g4 Bb7 13. g5 Nfd7 14.
h4 Nb6 15. h5 b4 16. Nce2 d5 17. g6 O-O-O 18. gxf7 dxe4 19. f4 a5 20. c3 a4 21.
Kb1 axb3 22. cxb4 bxa2+ 23. Kxa2 Bd5+ 24. Kb1 Nc4 25. Qc3 Na4 26. Qc1 Naxb2 27.
Nb5 Qb7 28. Ned4 Nxd1 29. Rxd1 Bf6 30. Nxe6 Qxb5 0-1

[Event "Lansing (MI Op/5/18)"]
[Site "?"]
[Date "1996.??.??"]
[Round "?"]
[White "Yahkind, Alex"]
[Black "Morabito, Matthew"]
[Result "1-0"]
[WhiteElo "2035"]
[BlackElo "1905"]
[PlyCount "89"]
[EventDate "1996.??.??"]

{5/(18)} 1. e4 c5 2. Nf3 d6 3. d4 cxd4 4. Nxd4 Nf6 5. Nc3 e6 6. Bc4 Be7 7. Be3
a6 8. f3 O-O 9. Qd2 b5 10. Bb3 Bb7 11. O-O-O d5 12. e5 Nfd7 13. f4 Nc5 14. f5
Nbd7 15. Bf4 b4 16. Na4 Ne4 17. Qe2 Bg5 18. Bxg5 Qxg5+ 19. Kb1 exf5 20. Nf3 Qe7
21. Bxd5 Bxd5 22. Rxd5 Rfe8 23. Ka1 f6 24. exf6 Ndxf6 25. Rxf5 Qd7 26. Qc4+ Kh8
27. Ne5 Rxe5 28. Rxe5 Qxa4 29. Rxe4 Nxe4 30. Qxe4 Re8 31. Qd3 Qc6 32. Qd2 a5
33. Rf1 Qe4 34. b3 h6 35. Kb1 a4 36. bxa4 Ra8 37. Rf4 Qc6 38. Rxb4 Qc7 39. g3
Rd8 40. Qf4 Qd7 41. Kb2 Rc8 42. Qd4 Qc7 43. c3 Qe7 44. Rb6 Rd8 45. Rxh6+ 1-0

[Event "Lansing (MI Op/6/13)"]
[Site "?"]
[Date "1996.??.??"]
[Round "?"]
[White "Yahkind, Alex"]
[Black "Aldrich, Jeff"]
[Result "0-1"]
[WhiteElo "2035"]
[BlackElo "1935"]
[PlyCount "108"]
[EventDate "1996.??.??"]

{6/(13)} 1. e4 c6 2. d4 d5 3. e5 Bf5 4. f4 e6 5. Nf3 c5 6. c3 Nc6 7. Bd3 Nh6 8.
Na3 cxd4 9. Bxf5 Nxf5 10. cxd4 Bb4+ 11. Bd2 Qa5 12. Nc2 Bxd2+ 13. Qxd2 Qb5 14.
g4 Nfe7 15. a4 Qb6 16. Ne3 h5 17. g5 g6 18. O-O Rc8 19. Rfc1 O-O 20. a5 Qb4 21.
Qd3 Nxa5 22. Nc2 Qb3 23. Qe2 Nc4 24. Nce1 a6 25. Rc3 Qb5 26. b3 Nd6 27. Qxb5
Nxb5 28. Rcc1 Nf5 29. Rd1 Rc3 30. Rab1 Rfc8 31. Kg2 Re3 32. Rbc1 Rxc1 33. Rxc1
Rxb3 34. Rc8+ Kg7 35. Nc2 Rc3 36. Rxc3 Nxc3 37. Kf2 a5 38. Ke1 b5 39. Kd2 Ne4+
40. Kd3 Kf8 41. Nd2 Nxd2 42. Kxd2 Ke8 43. Kd3 Kd7 44. Kc3 Kc6 45. h3 b4+ 46.
Kd3 Kb5 47. Na1 a4 48. Nc2 b3 49. Ne1 Kb4 50. Kd2 Nxd4 51. Nd3+ Ka3 52. Kc3
Ne2+ 53. Kd2 Ng1 54. h4 Nf3+ 0-1

[Event "Detroit (MI Team/2/2/2)"]
[Site "?"]
[Date "1996.??.??"]
[Round "?"]
[White "Wysocki, Jason"]
[Black "Zaremba, Andrei"]
[Result "1-0"]
[WhiteElo "2105"]
[BlackElo "2135"]
[PlyCount "127"]
[EventDate "1996.??.??"]

{2/2} 1. d4 Nf6 2. c4 c5 3. d5 e6 4. Nc3 exd5 5. cxd5 d6 6. Nf3 g6 7. Nd2 a6 8.
a4 Bg7 9. Nc4 O-O 10. a5 Qc7 11. Bf4 Ne8 12. Ne4 Be5 13. Nxe5 dxe5 14. Bh6 Ng7
15. e3 Bf5 16. Nf6+ Kh8 17. g4 Qd6 18. Bxg7+ Kxg7 19. Nh5+ gxh5 20. gxf5 Nd7
21. Qxh5 Qxd5 22. Rg1+ Kh8 23. Ra4 Qd6 24. Bd3 Nf6 25. Qh6 Rg8 26. Rag4 Rxg4
27. Rxg4 Rg8 28. Rxg8+ Kxg8 29. Bc4 e4 30. Ke2 Qe5 31. Qg5+ Kf8 32. b3 Qc3 33.
Kf1 h5 34. Qh6+ Ke7 35. Qg7 Nd5 36. Qg3 Qa1+ 37. Kg2 h4 38. Qxh4+ Nf6 39. Qf4
Qd1 40. h3 Kf8 41. Qh6+ Ke7 42. Qg7 Qf3+ 43. Kg1 Qd1+ 44. Kh2 Qd6+ 45. Kg2 Nd5
46. h4 Qf6 47. Qxf6+ Nxf6 48. Kg3 Kd6 49. Kf4 Nh5+ 50. Kg5 Ng7 51. Bxf7 Ke5 52.
f6 Ne6+ 53. Bxe6 Kxe6 54. Kg6 b5 55. axb6 c4 56. bxc4 a5 57. b7 a4 58. b8=Q a3
59. Qb6+ Kd7 60. c5 a2 61. Qd6+ Kc8 62. c6 a1=B 63. Qd7+ Kb8 64. Qb7# 1-0

[Event "Lansing (MI Op/5/4)"]
[Site "?"]
[Date "1996.??.??"]
[Round "?"]
[White "Wysocki, Jason"]
[Black "Thompson, Dexter"]
[Result "1-0"]
[WhiteElo "2125"]
[BlackElo "2290"]
[PlyCount "123"]
[EventDate "1996.??.??"]

{5/(4)} 1. Nf3 g6 2. c4 Bg7 3. Nc3 f5 4. d4 c5 5. d5 Bxc3+ 6. bxc3 Qa5 7. Qb3
Nf6 8. Bh6 a6 9. e3 d6 10. Bd3 Nbd7 11. h3 b5 12. O-O Rb8 13. Rab1 b4 14. cxb4
cxb4 15. Nd4 Nc5 16. Qc2 Qa3 17. Nb3 Nfd7 18. e4 Kd8 19. exf5 Nxd3 20. Qxd3 Ne5
21. Qd4 Bxf5 22. Rbe1 Qxa2 23. Rxe5 Qxb3 24. Rxf5 Qc3 25. Qxc3 bxc3 26. Rf3 Rb3
27. Bg7 Re8 28. Rxc3 Rxc3 29. Bxc3 Kd7 30. Ra1 Ra8 31. f3 Kc7 32. Kf2 Kb7 33.
Ke3 Rf8 34. Rb1+ Kc7 35. Ba5+ Kc8 36. Rb6 Rf5 37. Bc3 h5 38. g4 Rf8 39. Rxa6
Kb7 40. Ra1 Rc8 41. Rb1+ Kc7 42. Ba5+ Kd7 43. Rb7+ Ke8 44. Bc7 Kd7 45. Bb6+ Ke8
46. Kd4 Kf7 47. c5 Kf6 48. c6 e5+ 49. Ke4 Kg5 50. c7 Ra8 51. Rb8 Ra4+ 52. Kd3
Ra3+ 53. Kc2 Rxf3 54. c8=Q Rxh3 55. gxh5 Rh2+ 56. Kd3 gxh5 57. Be3+ Kh4 58.
Rb4+ Kg3 59. Qg8+ Kf3 60. Qf7+ Kg3 61. Qg6+ Kf3 62. Qe4+ 1-0

[Event "Detroit (MI Team/3/1/2)"]
[Site "?"]
[Date "1996.??.??"]
[Round "?"]
[White "Wysocki, Jason"]
[Black "Stone, Ray"]
[Result "0-1"]
[WhiteElo "2105"]
[BlackElo "2430"]
[PlyCount "82"]
[EventDate "1996.??.??"]

{3/1} 1. d4 Nf6 2. Nf3 e6 3. Bg5 c5 4. e3 Be7 5. Nbd2 b6 6. c3 Bb7 7. Bd3 Nc6
8. O-O O-O 9. Qb1 h6 10. Bh4 cxd4 11. exd4 Nh5 12. Bxe7 Nxe7 13. Re1 Qc7 14.
Be4 Nf6 15. Bxb7 Qxb7 16. Ne4 Nxe4 17. Rxe4 b5 18. Rh4 Rfc8 19. Qd3 d5 20. Ne5
b4 21. Rf4 bxc3 22. b3 Nf5 23. g4 Nd6 24. Rc1 f6 25. Ng6 Qf7 26. h4 Ne4 27. h5
Rc6 28. Qb5 Rc7 29. f3 Ng5 30. Kg2 Qe8 31. Qa5 Rac8 32. Rc2 Qd7 33. Qb4 Nf7 34.
Kh3 Qd6 35. Qb5 Nh8 36. Kg3 Nxg6 37. hxg6 e5 38. dxe5 fxe5 39. Rf5 d4 40. Rf7
Rxf7 41. gxf7+ Kxf7 0-1

[Event "Cadillac Open/3/2"]
[Site "?"]
[Date "1996.??.??"]
[Round "?"]
[White "Wysocki, Jason"]
[Black "Ronneberg, E."]
[Result "1-0"]
[WhiteElo "2125"]
[BlackElo "2250"]
[PlyCount "87"]
[EventDate "1996.??.??"]

{3/2} 1. Nf3 Nf6 2. g3 g6 3. b3 Bg7 4. Bb2 O-O 5. Bg2 c5 6. c4 Nc6 7. O-O Rb8
8. Qc1 a6 9. d4 cxd4 10. Nxd4 Nxd4 11. Bxd4 b6 12. Nc3 Bb7 13. e4 d6 14. Rd1
Nd7 15. Bxg7 Kxg7 16. Nd5 Bxd5 17. Rxd5 b5 18. cxb5 axb5 19. a4 bxa4 20. bxa4
Qb6 21. Rb5 Qa7 22. Qb2+ Kg8 23. h4 Nc5 24. Ra3 Rxb5 25. axb5 Qb6 26. h5 Rb8
27. h6 f6 28. Qa2+ Kf8 29. Bf1 Nxe4 30. Ra8 Nc5 31. Rxb8+ Qxb8 32. Bc4 e5 33.
Bg8 Qb7 34. b6 d5 35. Bxd5 Qxb6 36. Qa8+ Ke7 37. Qg8 Qb1+ 38. Kg2 g5 39. Qf7+
Kd6 40. Bf3 Nd7 41. Qd5+ Ke7 42. Be4 Qb6 43. Bxh7 Nc5 44. Bf5 1-0

[Event "Cadillac Open/5/4"]
[Site "?"]
[Date "1996.??.??"]
[Round "?"]
[White "Wysocki, Jason"]
[Black "LaFata, Sam"]
[Result "1/2-1/2"]
[WhiteElo "2125"]
[BlackElo "1995"]
[PlyCount "92"]
[EventDate "1996.??.??"]

{5/4} 1. Nf3 d5 2. c4 e6 3. g3 Nf6 4. Bg2 c5 5. O-O Nc6 6. b3 Be7 7. d3 O-O 8.
Bb2 Qc7 9. Nbd2 b6 10. a3 Bb7 11. e3 Rfd8 12. cxd5 Nxd5 13. Qc2 Rac8 14. Rfd1
Qb8 15. Rac1 Qa8 16. e4 Nc7 17. Ne5 Nd4 18. Bxd4 Rxd4 19. Ndf3 Rdd8 20. h4 Nb5
21. Qb2 Nd4 22. Nxd4 Rxd4 23. Qe2 Qb8 24. f4 Rcd8 25. Bh3 Qd6 26. Bf1 Ba6 27.
Qe3 Qc7 28. Nf3 R4d7 29. Kh2 Qb8 30. Ne5 Rc7 31. Bh3 Bf6 32. Ng4 Bd4 33. Qf3
Rcd7 34. Bf1 Bb7 35. a4 f5 36. Ne3 Bxe3 37. Qxe3 fxe4 38. Re1 exd3 39. Qxe6+
Kh8 40. Rcd1 Ba6 41. Re3 h6 42. Qf5 Rd5 43. Qg6 R5d6 44. Qf7 R6d7 45. Qf5 Rd5
46. Qg6 R5d6 1/2-1/2

[Event "Lansing (MI Op/1a/9)"]
[Site "?"]
[Date "1996.??.??"]
[Round "?"]
[White "Wysocki, Jason"]
[Black "Kung, Fred"]
[Result "1-0"]
[WhiteElo "2125"]
[BlackElo "1875"]
[PlyCount "57"]
[EventDate "1996.??.??"]

1. d4 d5 2. c4 e6 3. Nf3 c5 4. cxd5 exd5 5. Nc3 Nc6 6. Bg5 Be7 7. Bxe7 Ngxe7 8.
e3 cxd4 9. Nxd4 Qb6 10. Bd3 Nxd4 11. exd4 O-O 12. O-O g6 13. Qe2 Be6 14. Rad1
Rac8 15. a3 Nc6 16. Bb1 Qd8 17. Rfe1 Qg5 18. Kh1 Na5 19. Qb5 b6 20. Re5 Qf4 21.
f3 Nc4 22. Re2 Rfd8 23. Ba2 Bh3 24. Nxd5 Bxg2+ 25. Kxg2 Rxd5 26. Qxd5 Ne3+ 27.
Rxe3 Qxe3 28. Qxf7+ Kh8 29. Qf6# 1-0

[Event "Lansing (MI Op/7/6)"]
[Site "?"]
[Date "1996.??.??"]
[Round "?"]
[White "Wysocki, Jason"]
[Black "Kitsis, S."]
[Result "1-0"]
[WhiteElo "2125"]
[BlackElo "2180"]
[PlyCount "107"]
[EventDate "1996.??.??"]

{7/(6)} 1. Nf3 Nf6 2. c4 g6 3. b3 Bg7 4. Bb2 O-O 5. g3 d6 6. d3 e5 7. Bg2 c6 8.
Nbd2 Nh5 9. Qc2 f5 10. O-O Qc7 11. c5 d5 12. e4 Be6 13. Ng5 Bf7 14. Nxf7 Qxf7
15. exd5 cxd5 16. b4 Nd7 17. Qb3 Nhf6 18. Nf3 h6 19. Nxe5 Nxe5 20. Bxe5 Rad8
21. Rae1 d4 22. Bd6 Qxb3 23. axb3 Rf7 24. b5 Bf8 25. Bxf8 Kxf8 26. Re6 Kg7 27.
Ra1 b6 28. cxb6 axb6 29. Rxb6 Nd5 30. Bxd5 Rxd5 31. Raa6 g5 32. Rg6+ Kf8 33.
Ra8+ Ke7 34. b6 Rb5 35. Ra7+ Kf8 36. Rxh6 Rxb3 37. Rc7 Kg7 38. Rh5 Rxb6 39.
Rxg5+ Kh6 40. Rxf7 Kxg5 41. Rd7 Rb4 42. Rd6 Kg4 43. Kg2 Kg5 44. h3 f4 45. Kf3
Kf5 46. g4+ Ke5 47. Rd8 Rb2 48. Re8+ Kd5 49. Rf8 Rd2 50. Rf5+ Ke6 51. Ke4 Re2+
52. Kxf4 Rxf2+ 53. Ke4 Rh2 54. Rf3 1-0

[Event "Lansing (MI Op/3/15)"]
[Site "?"]
[Date "1996.??.??"]
[Round "?"]
[White "Wysocki, Jason"]
[Black "Jendras, Gerard"]
[Result "1-0"]
[WhiteElo "2125"]
[BlackElo "1935"]
[PlyCount "69"]
[EventDate "1996.??.??"]

{3/(15)} 1. d4 Nf6 2. c4 c5 3. d5 b5 4. cxb5 a6 5. bxa6 Bxa6 6. Nf3 g6 7. Nc3
d6 8. g3 Bg7 9. Bg2 O-O 10. O-O Nbd7 11. Qc2 Qa5 12. Rd1 Rfb8 13. Rb1 Ng4 14.
Bg5 Kf8 15. Qe4 Ngf6 16. Qe3 Ra7 17. Bh6 Nb6 18. Bxg7+ Kxg7 19. b3 Bb7 20. Nh4
Bc8 21. a4 Ba6 22. Rdc1 Rab7 23. Qg5 Nc8 24. Nf5+ Kf8 25. Nxe7 Rxe7 26. Qxf6
Reb7 27. Ne4 Qc7 28. Nxc5 dxc5 29. Qxa6 Rxb3 30. Rxb3 Rxb3 31. Qc4 Rb7 32. Qc3
Nd6 33. e4 c4 34. Qh8+ Ke7 35. e5 1-0

[Event "Cadillac Open/1a/4"]
[Site "?"]
[Date "1996.??.??"]
[Round "?"]
[White "Wysocki, Jason"]
[Black "Cranstrom, P."]
[Result "1-0"]
[WhiteElo "2125"]
[BlackElo "1605"]
[PlyCount "62"]
[EventDate "1996.??.??"]

1. Nf3 Nf6 2. g3 g6 3. b3 Nc6 4. Bb2 e6 5. Bg2 d6 6. d3 e5 7. Nbd2 Bh6 8. O-O
Bxd2 9. Nxd2 O-O 10. c4 b6 11. Bxc6 Bh3 12. Bg2 Bxg2 13. Kxg2 Qd7 14. e3 d5 15.
Bxe5 Ng4 16. Bb2 dxc4 17. Nxc4 Qd5+ 18. e4 Qh5 19. h3 Ne5 20. Qxh5 gxh5 21.
Nxe5 Rfe8 22. Nd7 Rad8 23. Nf6+ Kf8 24. Nxe8 Kxe8 25. d4 c5 26. dxc5 bxc5 27.
Ba3 Rd4 28. Bxc5 Rxe4 29. Bxa7 f5 30. Rfe1 Re7 31. Rxe7+ Kxe7 1-0

[Event "Lansing (MOR/3/11)"]
[Site "?"]
[Date "1996.??.??"]
[Round "?"]
[White "Wright, Walter"]
[Black "Post, Robert"]
[Result "0-1"]
[WhiteElo "1605"]
[BlackElo "1635"]
[PlyCount "118"]
[EventDate "1996.??.??"]

{3/(11)} 1. d4 g6 2. c4 Nf6 3. Nc3 Bg7 4. Bg5 d6 5. Nf3 O-O 6. e3 h6 7. Bh4
Nbd7 8. Bd3 e5 9. O-O Re8 10. Re1 e4 11. Nxe4 g5 12. Nxf6+ Bxf6 13. Bg3 g4 14.
Nh4 Bxh4 15. Qxg4+ Bg5 16. Qh5 Nf6 17. Qe2 Bg4 18. Qc2 Nh5 19. Bf5 Bxf5 20.
Qxf5 Nxg3 21. hxg3 Qf6 22. Qh3 Qg6 23. f4 Bf6 24. g4 Re7 25. Kf2 Rae8 26. Re2
Bxd4 27. Rae1 Bg7 28. Rh1 Re4 29. b3 b6 30. Qh5 Qxh5 31. gxh5 Kf8 32. g4 Bd4
33. Rh3 Rxf4+ 34. Kg3 Rxe3+ 35. Rxe3 Bxe3 36. Rh2 Rd4 37. Kf3 Bg5 38. Re2 Rf4+
39. Kg3 a5 40. Rf2 Rxf2 41. Kxf2 Ke7 42. Kf3 Ke6 43. Ke4 c6 44. a3 d5+ 45.
cxd5+ cxd5+ 46. Kd4 Bf6+ 47. Kd3 Ke5 48. b4 axb4 49. axb4 b5 50. Ke3 d4+ 51.
Kd3 Kf4 52. g5 Kxg5 53. Ke4 Kxh5 54. Kf5 d3 55. Kxf6 d2 56. Kxf7 d1=Q 57. Kg7
Kg5 58. Kh7 Qd7+ 59. Kg8 Kf6 0-1

[Event "Lansing (MOR/5/9)"]
[Site "?"]
[Date "1996.??.??"]
[Round "?"]
[White "Wright, Walter"]
[Black "Imai, Toshio"]
[Result "1-0"]
[WhiteElo "1605"]
[BlackElo "1700"]
[PlyCount "109"]
[EventDate "1996.??.??"]

{5/(9)} 1. d4 Nf6 2. c4 c5 3. d5 e6 4. Nc3 d6 5. Nf3 Be7 6. Bg5 h6 7. Bh4 g5 8.
Bg3 e5 9. e4 Nh5 10. Bxe5 dxe5 11. Nxe5 Nf6 12. Qa4+ Nbd7 13. Nxd7 Bxd7 14. Qc2
Bd6 15. Bd3 Ng4 16. g3 Ne5 17. Be2 a5 18. a4 Qf6 19. O-O-O Qxf2 20. Rdf1 Qe3+
21. Qd2 Qxd2+ 22. Kxd2 Ra6 23. Nb5 Bb8 24. b3 b6 25. Rf6 Bxb5 26. cxb5 Ra7 27.
Rxb6 Bc7 28. Ra6 Rb7 29. Rc1 Nd7 30. Bg4 Nb8 31. Bc8 Rb6 32. Rxb6 Bxb6 33. Rf1
Rg8 34. Rf6 Rg6 35. Rxg6 fxg6 36. e5 Nd7 37. Bxd7+ Kxd7 38. g4 Bd8 39. Kd3 Bc7
40. Ke4 Bb8 41. b6 Ke7 42. h3 h5 43. gxh5 gxh5 44. Kf5 g4 45. d6+ Bxd6 46.
exd6+ Kxd6 47. hxg4 hxg4 48. Kxg4 Kc6 49. Kf4 Kxb6 50. Ke4 Kc6 51. Kd3 Kd5 52.
Kc3 Kd6 53. Kc2 Kd5 54. Kd3 Kd6 55. Ke4 1-0

[Event "Lansing (MOR/7/11)"]
[Site "?"]
[Date "1996.??.??"]
[Round "?"]
[White "Wright, Walter"]
[Black "Hencir, Edward"]
[Result "1-0"]
[WhiteElo "1605"]
[BlackElo "1680"]
[PlyCount "57"]
[EventDate "1996.??.??"]

{7/(11)} 1. d4 d5 2. Bf4 e6 3. e3 Nd7 4. Nd2 Ngf6 5. Bd3 a6 6. Ngf3 c5 7. c3
Be7 8. Qc2 h6 9. h3 O-O 10. O-O-O b5 11. Ne5 Bb7 12. g4 cxd4 13. exd4 Nxe5 14.
Bxe5 Nd7 15. Bg3 Rc8 16. a3 Nb8 17. h4 Nc6 18. g5 h5 19. Bh7+ Kh8 20. Bg6 Nxd4
21. Qd3 Qb6 22. Kb1 Nc6 23. Bxh5 Na5 24. Bxf7 Rxf7 25. Qg6 Rff8 26. Qh5+ Kg8
27. g6 Rfd8 28. Qh7+ Kf8 29. Qh8# 1-0

[Event "Eastpointe (EDO/2/19)"]
[Site "?"]
[Date "1996.??.??"]
[Round "?"]
[White "Wright, Walter"]
[Black "DeBlasio, N."]
[Result "1/2-1/2"]
[WhiteElo "1605"]
[BlackElo "1605"]
[PlyCount "108"]
[EventDate "1996.??.??"]

{2/(19)} 1. d4 g6 2. c4 Nf6 3. Nc3 Bg7 4. Bg5 d5 5. e3 Be6 6. c5 O-O 7. Nf3
Nfd7 8. Be2 b6 9. cxb6 axb6 10. O-O Nf6 11. Ne5 Qc8 12. f4 Bf5 13. Bf3 c6 14.
g4 Bd7 15. a3 Na6 16. Rc1 Qb7 17. Bh4 Nc7 18. Bxf6 Bxf6 19. Nxd7 Rfe8 20. g5
Bg7 21. Kf2 f6 22. h4 Rad8 23. gxf6 exf6 24. Nxf6+ Bxf6 25. h5 Bh4+ 26. Ke2 g5
27. Rg1 h6 28. Qc2 Rd6 29. fxg5 Bxg5 30. Nd1 Nb5 31. Kd2 Qg7 32. Qd3 Nxd4 33.
Bh1 Qe5 34. Rxg5+ hxg5 35. Qxd4 Qh2+ 36. Kd3 Qxh1 37. Qg4 Qf1+ 38. Kd2 Qf6 39.
Rc3 Kh7 40. Kc1 Kh6 41. Rb3 c5 42. Kb1 Qe6 43. Qg3 Qf5+ 44. Ka2 Rde6 45. Nf2 c4
46. Rc3 b5 47. Rc1 Qf7 48. Ng4+ Kh7 49. Rh1 Ra6 50. Ne5 Qf5 51. Nf3 Rxa3+ 52.
Kxa3 Qd3+ 53. Kb4 Qb3+ 54. Kc5 Qxe3+ 1/2-1/2

[Event "Eastpointe (EDO/4/22)"]
[Site "?"]
[Date "1996.??.??"]
[Round "?"]
[White "Wright, Walter"]
[Black "Cooper, A."]
[Result "1-0"]
[WhiteElo "1605"]
[BlackElo "1605"]
[PlyCount "47"]
[EventDate "1996.??.??"]

{4/(22)} 1. d4 Nf6 2. c4 c5 3. d5 b5 4. Nd2 g6 5. Nb3 d6 6. e3 bxc4 7. Bxc4 Bg7
8. f3 O-O 9. e4 Ba6 10. Qd3 Bxc4 11. Qxc4 Nfd7 12. Qc2 e6 13. dxe6 fxe6 14. Nh3
Na6 15. a3 d5 16. exd5 exd5 17. O-O Qb6 18. Be3 Rac8 19. Rab1 Ne5 20. Nd2 d4
21. Bf2 Nc7 22. b4 cxb4 23. Rxb4 Nb5 24. Qb3+ 1-0

[Event "Lansing (MOR/2/10)"]
[Site "?"]
[Date "1996.??.??"]
[Round "?"]
[White "Wright, Walter"]
[Black "Carr, Jay"]
[Result "1-0"]
[WhiteElo "1605"]
[BlackElo "1700"]
[PlyCount "85"]
[EventDate "1996.??.??"]

{2/(10)} 1. d4 d5 2. c4 c6 3. c5 Bf5 4. Nc3 Nd7 5. Nf3 h6 6. e3 Ngf6 7. h3 Qc7
8. Bd3 Ne4 9. Qc2 Ndf6 10. Nd2 Nxc3 11. Bxf5 Nb5 12. a4 Qa5 13. b4 Nxd4 14. Qb2
Qc7 15. Qxd4 e6 16. Bc2 a6 17. O-O e5 18. Qc3 g6 19. Nf3 Nd7 20. Bb2 Bg7 21.
Nh4 Rg8 22. Qe1 e4 23. Bxg7 Rxg7 24. Qc3 Rg8 25. f3 Qg3 26. Qe1 Qe5 27. fxe4
dxe4 28. Bb3 Rg7 29. Nxg6 fxg6 30. Qf2 O-O-O 31. Qh4 Rh8 32. Rad1 g5 33. Qh5
Nf6 34. Qe2 g4 35. h4 g3 36. Rd6 Nd5 37. Bxd5 cxd5 38. Rff6 Qa1+ 39. Qf1 Qxa4
40. Rf8+ Rxf8 41. Qxf8+ Kc7 42. Qxg7+ Kb8 43. Qxg3 1-0

[Event "Cadillac Open/2/23"]
[Site "?"]
[Date "1996.??.??"]
[Round "?"]
[White "Wright, R."]
[Black "Williams, Claude"]
[Result "1-0"]
[WhiteElo "1605"]
[BlackElo "1605"]
[PlyCount "99"]
[EventDate "1996.??.??"]

{2/23} 1. e4 d5 2. exd5 Nf6 3. Nf3 Nxd5 4. Bc4 c6 5. O-O Bf5 6. d3 Nd7 7. Bd2
e5 8. Re1 Bd6 9. Nc3 Qc7 10. Nxd5 cxd5 11. Bxd5 O-O 12. Rc1 Rae8 13. Be3 b6 14.
c3 Nf6 15. Bb3 e4 16. dxe4 Rxe4 17. Bd4 Rg4 18. Ne5 Rg5 19. f4 Rh5 20. Bxf7+
Rxf7 21. Nxf7 Kxf7 22. Bxf6 Kxf6 23. Qxh5 Bxf4 24. Rf1 Qc5+ 25. Kh1 Bxc1 26.
Rxc1 Qf2 27. Rd1 Bd3 28. Qf3+ Qxf3 29. gxf3 Be2 30. Rd7 Bxf3+ 31. Kg1 g5 32.
Rxh7 a6 33. Ra7 Be2 34. b3 Ke5 35. Re7+ Kd5 36. Rxe2 g4 37. Kg2 b5 38. Kg3 a5
39. Kxg4 b4 40. cxb4 axb4 41. Kf5 Kd4 42. Rc2 Kd3 43. Rc4 Kd2 44. Ke4 Ke2 45.
Rc2+ Kd1 46. Kd3 Ke1 47. Rb2 Kf1 48. Ke3 Kg1 49. Kf3 Kh1 50. Kg3 1-0

[Event "Cadillac Open/5/16"]
[Site "?"]
[Date "1996.??.??"]
[Round "?"]
[White "Wright, R."]
[Black "Revnell, Joseph"]
[Result "0-1"]
[WhiteElo "1605"]
[BlackElo "1605"]
[PlyCount "74"]
[EventDate "1996.??.??"]

{5/16} 1. e4 c5 2. Nf3 e6 3. d4 d5 4. Nc3 dxe4 5. Nxe4 cxd4 6. Nxd4 Be7 7. Be3
Nf6 8. f3 Nxe4 9. fxe4 a6 10. Be2 Nd7 11. Bf3 O-O 12. O-O Qc7 13. b3 b6 14. Bh5
Nf6 15. Qf3 Nxh5 16. Qxh5 Bc5 17. Rf2 e5 18. Ne6 Bxe6 19. Bxc5 Qxc5 20. Raf1
Rad8 21. Kh1 Rd7 22. h4 Qd4 23. Qf3 Rc7 24. c4 b5 25. cxb5 axb5 26. h5 Rc3 27.
Qe2 b4 28. Qe1 Re3 29. Re2 Rxe2 30. Qxe2 Rc8 31. g4 Rc3 32. Kg2 Rd3 33. Qe1 h6
34. Rf5 Re3 35. Qf2 Qxe4+ 36. Kf1 Bxf5 37. gxf5 Rf3 0-1

[Event "Cadillac Open/3/16"]
[Site "?"]
[Date "1996.??.??"]
[Round "?"]
[White "Wright, R."]
[Black "Anderson, Gale"]
[Result "0-1"]
[WhiteElo "1605"]
[BlackElo "1720"]
[PlyCount "76"]
[EventDate "1996.??.??"]

{3/16} 1. e4 e6 2. d4 d5 3. Nc3 Nf6 4. Bd3 Bb4 5. e5 Nfd7 6. Nf3 h6 7. a3 Bxc3+
8. bxc3 c5 9. Bb5 a6 10. Bxd7+ Nxd7 11. Be3 b6 12. O-O Bb7 13. Qd2 Rc8 14. Rfb1
Qc7 15. Rb3 c4 16. Rb2 Bc6 17. Nh4 b5 18. f4 Nb6 19. f5 Bd7 20. Rf1 Na4 21.
Rbb1 Qa5 22. fxe6 Bxe6 23. Rb4 Rc6 24. Nf5 Rg8 25. Nd6+ Kd7 26. Bxh6 Rxd6 27.
exd6 gxh6 28. Qxh6 Qd8 29. Qf6 Nxc3 30. Qxd8+ Kxd8 31. Rf3 Ne2+ 32. Kf2 Nxd4
33. Rc3 Kd7 34. Rb1 Kxd6 35. h4 Bg4 36. Ke3 Ne2 37. Rf1 d4+ 38. Ke4 Re8# 0-1

[Event "Detroit (WCO/3/5)"]
[Site "?"]
[Date "1996.??.??"]
[Round "?"]
[White "Wright, Ken"]
[Black "Walquist, Elaine"]
[Result "0-1"]
[WhiteElo "1615"]
[BlackElo "1750"]
[PlyCount "74"]
[EventDate "1996.??.??"]

{3/(5)} 1. e4 c6 2. d4 d5 3. e5 Bf5 4. Bd3 Bxd3 5. Qxd3 e6 6. Nf3 Nd7 7. Bf4 c5
8. b3 Ne7 9. Bg5 Qa5+ 10. Nbd2 Ng6 11. c3 cxd4 12. cxd4 Rc8 13. O-O h6 14. Be3
Ba3 15. Rab1 Rc3 16. Qe2 Rc2 17. Rfd1 Qc3 18. Qb5 Qc7 19. Ra1 O-O 20. Ne1 Rc6
21. Ndf3 f6 22. exf6 Nxf6 23. h3 Ne4 24. Qf1 Ne7 25. Nd3 Nc3 26. Rd2 Ne4 27.
Rdd1 g5 28. Nde5 Rc2 29. g4 Rc3 30. Kg2 Qd8 31. h4 Bd6 32. hxg5 Bxe5 33. Nxe5
Rxe3 34. f3 Nxg5 35. f4 Ne4 36. Rd3 Rxd3 37. Qxd3 Rxf4 $138 0-1

[Event "Howell (US Am N/5/11)"]
[Site "?"]
[Date "1996.??.??"]
[Round "?"]
[White "Wright, Ken"]
[Black "Vandivier, Don"]
[Result "0-1"]
[WhiteElo "1615"]
[BlackElo "1900"]
[PlyCount "92"]
[EventDate "1996.??.??"]

{5/(11)} 1. e4 c5 2. Bc4 Nc6 3. Qh5 e6 4. Nc3 Nf6 5. Qd1 d5 6. exd5 exd5 7. Bb5
Bd6 8. Qe2+ Be6 9. Bxc6+ bxc6 10. Nf3 O-O 11. O-O Qc7 12. h3 Rfe8 13. Qd1 d4
14. Ne2 Bd5 15. d3 Bxf3 16. gxf3 Qd7 17. Kg2 Nd5 18. Ng3 Bf4 19. Rh1 Re6 20. h4
Rae8 21. Ne4 Qe7 22. Bd2 Bxd2 23. Qxd2 f5 24. Ng3 f4 25. Ne4 Rg6+ 26. Kf1 Rh6
27. Ng5 Rh5 28. Re1 Ne3+ 29. fxe3 fxe3 30. Qg2 Rf8 31. Qg4 Rh6 32. Ke2 Rhf6 33.
Ref1 h6 34. Ne4 Rf4 35. Qg3 Qb7 36. Rhg1 R8f7 37. b3 Qb4 38. Qe1 Qa3 39. Rg4
Qxa2 40. Qc1 Qa5 41. Rxf4 Rxf4 42. Rh1 c4 43. dxc4 Qh5 44. Kd3 Qxf3 45. Nc5 e2+
46. Kd2 Qe3+ 0-1

[Event "Howell (US Am N/6/16)"]
[Site "?"]
[Date "1996.??.??"]
[Round "?"]
[White "Wright, Ken"]
[Black "Sparks, Frazier"]
[Result "0-1"]
[WhiteElo "1615"]
[BlackElo "1875"]
[PlyCount "84"]
[EventDate "1996.??.??"]

{6/(16)} 1. e4 c5 2. b3 Nc6 3. Nf3 d6 4. Bb5 a6 5. Bxc6+ bxc6 6. h3 e5 7. Bb2
Nf6 8. Qe2 Be7 9. c3 O-O 10. d4 cxd4 11. cxd4 d5 12. Nxe5 Nxe4 13. Nxc6 Qc7 14.
Nxe7+ Qxe7 15. O-O Qg5 16. Qd3 a5 17. Qe3 Qg6 18. Nc3 Ng5 19. Kh2 Be6 20. Rae1
h6 21. f4 Nh7 22. Qe5 Qc2 23. Re2 Qd3 24. Rf3 Qa6 25. Rg3 g5 26. fxg5 hxg5 27.
h4 g4 28. h5 Rae8 29. Nxd5 f6 30. Nxf6+ Nxf6 31. Qg5+ Kh8 32. h6 Rf7 33. Rge3
g3+ 34. Kg1 Nd5 35. Qg6 Ref8 36. Qxg3 Bd7 37. Qe5+ Kh7 38. Qe4+ Kh8 39. Rf3
Rxf3 40. gxf3 Re8 41. Qxd5 Qxe2 42. Qxd7 Rg8+ 0-1